000 00513nam a2200181Ia 4500
008 240925s9999 xx 000 0 und d
020 _a9780743468596
082 _a158.1 COV
100 _aCovey, Stephen R.
245 0 _aFirst Things First: coping with the ever-increasing demands of the workplace
250 _aNA
260 _aLondon:
_bPocket Books
_c,1994.
300 _a297p.
_b0
_fOriginal
500 _aIncludes Index
600 _aHumanities & Natural Science
650 _aPsychology
942 _cBK
999 _c17225
_d17225